000 00600nam a2200229Ia 4500
003 OSt
005 20221007071806.0
006 a|||||r|||| 00| 0
007 ta
008 221006b |||||||| |||| 00| 0 eng d
024 _a25,097
037 _cTextual
040 _aFLL
_cFLL
_beng
041 _2eng
_aeng
082 _aZ3:928, J7
100 _aHughes Christopher
245 0 _aBritish statute book
260 _aLondon
_bHutchinson University Library UK
_c1957
300 _a168p
_ccm.
942 _hZ3:928, J7
_cTEXL
_2CC
999 _c1144335
_d1144335